A bird watcher's adventures in tropical America /

Bibliographic Details
Main Author: Skutch, Alexander F. (Alexander Frank), 1904-2004
Format: Book
Language:English
Published: Austin : University of Texas Press, [1977]
Series:Corrie Herring Hooks series ; no. 3.
Subjects:

MARC

Tag First Indicator Second Indicator Subfields
LEADER 00000cam a2200000 a 4500
001 in00000085846
005 20151008053315.0
008 770308s1977 txua b 00110 eng
010 |a  77003478  
020 |a 0292707223 
035 |a (OCoLC)02837290 
035 |9 AAH6997AM 
040 |a DLC  |c DLC  |d m.c.  |d OCL  |d TXA  |d UtOrBLW 
043 |a cl----- 
049 |a TXAM  |c [1536068]  |a TXAS [knam]  |c 2 
050 0 0 |a QL680  |b  S58 
082 0 |a 598.2/98 
100 1 |a Skutch, Alexander F.  |q (Alexander Frank),  |d 1904-2004. 
245 1 2 |a A bird watcher's adventures in tropical America /  |c by Alexander F. Skutch ; ill. by Dana Gardner. 
264 1 |a Austin :  |b University of Texas Press,  |c [1977] 
264 4 |c ©1977 
300 |a xiii, 327 pages :  |b illustrations ;  |c 24 cm. 
336 |a text  |b txt  |2 rdacontent 
337 |a unmediated  |b n  |2 rdamedia 
338 |a volume  |b nc  |2 rdacarrier 
490 1 |a The Corrie Herring Hooks series ;  |v no. 3 
500 |a Includes index. 
504 |a Bibliography: pages [307]-309. 
650 0 |a Birds  |z Latin America. 
650 0 |a Bird watching  |z Latin America. 
830 0 |a Corrie Herring Hooks series ;  |v no. 3. 
999 |a MARS 
999 f f |s 6895d1b0-fb33-3c09-9dcb-42d618f3afd8  |i 4f1ab968-b143-3a88-ba50-7aec6ce2d25f  |t 0 
952 f f |p noncirc  |a Texas A&M University  |b College Station  |c Cushing Memorial Library & Archives  |d Cushing: Kincaid/North America (Remote Storage: 2-3 day retrieval)  |t 0  |e QL680 S58 1977  |h Library of Congress classification  |i unmediated -- volume 
952 f f |p ric  |a Texas A&M University  |b Rellis Campus  |c Joint Library Facility  |d Remote Storage  |t 0  |e QL680 S58  |h Library of Congress classification  |i unmediated -- volume  |m A14804962691 
998 f f |a QL680 S58 1977  |t 0  |l Cushing: Kincaid/North America (Remote Storage: 2-3 day retrieval) 
998 f f |a QL680 S58  |t 0  |l Remote Storage